000 00258nam a22001217a 4500
003 OSt
008 150215b xxu||||| |||| 00| 0 eng d
100 1 _aHarris, George
041 _aeng
245 1 0 _aArea Handbook for Vietnam
260 _c1962
300 _a0 pages
999 _c831
_d831